|
|
|
|
| LEADER |
00000nab a2200000 a 4500 |
| 001 |
vtls000045778 |
| 003 |
SK-MaSNL |
| 005 |
20260304070501.0 |
| 008 |
250423c1979 xo 0 slo |
| 015 |
|
|
|a SNBRB19rr/mm-uuuuu
|
| 035 |
|
|
|a CL0055873
|
| 035 |
|
|
|a urn:nbn:sk:snk-ab2rr9
|
| 035 |
|
|
|a (urnnbn)urn:nbn:sk:snk:ar-a02umu
|
| 035 |
|
|
|a (uuid)5ab57a7c-4212-48d1-a92b-b614cee64115
|
| 040 |
|
|
|a SNKBUCL
|b slo
|c SNKBUCL
|e AACR2
|
| 041 |
0 |
|
|a cze
|
| 044 |
|
|
|a xo
|c SK
|
| 080 |
|
|
|a 624.1
|2 1981
|
| 080 |
|
|
|a 553
|2 1981
|
| 100 |
1 |
|
|a Tesař, Otakar
|4 aut
|9 977289
|
| 245 |
1 |
0 |
|a Klasifikace skalních hornin a její využití při ražení podzemních staveb v Praze
|c Otakar Tesař
|
| 300 |
|
|
|b Obr. 6. Tb. 5.
|
| 650 |
0 |
7 |
|a tunely
|2 snkbucl
|9 14604
|
| 650 |
0 |
7 |
|a podzemné stavby
|2 snkbucl
|9 67983
|
| 650 |
0 |
7 |
|a razenie
|2 snkbucl
|9 572420
|
| 650 |
0 |
7 |
|a horniny skalné
|2 snkbucl
|9 934082
|
| 655 |
|
7 |
|a články z novín a časopisov
|2 snkbucl
|9 267496
|
| 773 |
0 |
|
|t Inženýrské stavby
|g Roč. 27, č. 8 (1979), s. 345-349
|
| 850 |
|
|
|a Slovenská národná knižnica
|
| 852 |
|
|
|a Slovenská národná knižnica
|
| 954 |
|
|
|a odborná, vedecká literatúra cudzojazyčná (svetová)
|2 lita
|
| 958 |
|
|
|a article2022
|
| 958 |
|
|
|a RK
|
| 958 |
|
|
|a CZ
|
| 958 |
|
|
|a OND
|
| 958 |
|
|
|a EUIPO
|
| 992 |
|
|
|a RBX
|
| 999 |
|
|
|c 2755965
|d 2757895
|